Multiple Choice Flags of South America Quiz Stats

 Plays Quiz Updated Oct 19, 2018

Score 0/12 Timer 01:30
10 Plays Today
Question Answer Wrong Answers
Brazil Brazil
97.7%
Venezuela
0.7%
Guyana Guyana
97%
Brazil
1.4%
Argentina Argentina
96.2%
Paraguay
2.2%
Chile Chile
93.2%
Suriname
5.1%
Suriname Suriname
92.3%
Chile
6.1%
Colombia Colombia
91.2%
Bolivia
7.2%
Peru Peru
90.7%
Argentina
7.7%
Uruguay Uruguay
89.1%
Paraguay
9.4%
Ecuador Ecuador
89%
Uruguay
9.5%
Bolivia Bolivia
87.2%
Guyana
11.3%
Paraguay Paraguay
84.2%
Peru
14.3%
Venezuela Venezuela
78.8%
Ecuador
19.7%

You're not logged in!

Compare scores with friends on all Sporcle quizzes.
OR
Log In

Sporcle TV

Today on Sporcle TV


Watch our educational content, quiz creation guides, and fun videos on Sporcle TV.

Show Comments

Extras

Top Quizzes Today


Score Distribution

Your Account Isn't Verified!

In order to create a playlist on Sporcle, you need to verify the email address you used during registration. Go to your Sporcle Settings to finish the process.

Report this User

Report this user for behavior that violates our Community Guidelines.

Details: